[Event "LTU-ch"]
[Site "Vilnius"]
[Date "1999.??.??"]
[Round "?"]
[White "Zapolskis, Antanas J"]
[Black "Zukauskas, Kestutis"]
[Result "1-0"]
[WhiteElo "2358"]
[BlackElo "2295"]
[PlyCount "79"]
[EventDate "1999.??.??"]
[EventType "swiss"]
[EventRounds "9"]
[EventCountry "LTU"]
[SourceTitle "EXT 2000"]
[Source "ChessBase"]
[SourceDate "1999.11.16"]
[SourceVersion "1"]
[SourceVersionDate "1999.11.16"]
[SourceQuality "1"]

1. e4 e5 2. Nf3 Nc6 3. Bc4 Nf6 4. d3 Bc5 5. 0-0 d6 6. c3 a6 7. b4 Ba7 8. a4 0-0 9. Nbd2 Ne7 10. Bb3 Ng6 11. Nc4 Be6 12. Ne3 Nf4 13. Bc2 N6h5 14. Kh1 g6 15. d4 f6 16. g3 Nh3 17. Bb3 Bxb3 18. Qxb3+ Kh8 19. Qd1 Ng7 20. Kg2 Qc8 21. Nh4 Ng5 22. f3 Qh3+ 23. Kg1 N7e6 24. Bb2 c5 25. bxc5 dxc5 26. d5 c4 27. Bc1 Nc5 28. Rb1 Rab8 29. Kh1 b5 30. axb5 axb5 31. Ba3 Rfd8 32. Ng4 Kg7 33. Qe2 Nd3 34. Be7 Rf8 35. Bxf8+ Rxf8 36. Rxb5 Rf7 37. Ng2 h5 38. N4e3 h4 39. gxh4 Nh7 40. Nxc4 1-0

[Event "LTU-ch"]
[Site "Vilnius"]
[Date "1999.??.??"]
[Round "?"]
[White "Zukauskas, Kestutis"]
[Black "Abromaitis, Marius"]
[Result "1-0"]
[WhiteElo "2295"]
[BlackElo "2080"]
[PlyCount "66"]
[EventDate "1999.??.??"]
[EventType "swiss"]
[EventRounds "9"]
[EventCountry "LTU"]
[SourceTitle "EXT 2000"]
[Source "ChessBase"]
[SourceDate "1999.11.16"]
[SourceVersion "1"]
[SourceVersionDate "1999.11.16"]
[SourceQuality "1"]

1. e4 d6 2. d4 Nf6 3. Nc3 c6 4. f4 Qa5 5. Bd3 e5 6. Nf3 Bg4 7. Be3 exf4 8. Bxf4 Qb4 9. a3 Qxb2 10. Bd2 Qb6 11. Rb1 Qc7 12. 0-0 Be7 13. Qe1 Nbd7 14. Qg3 h5 15. e5 dxe5 16. dxe5 Nd5 17. Ne4 b5 18. c4 Nc5 19. cxd5 Nxd3 20. d6 Qb6+ 21. Kh1 f5 22. exf6 Bxf6 23. Nxf6+ gxf6 24. Bc3 Rf8 25. h3 Bf5 26. Nd4 Bh7 27. Qg7 0-0-0 28. Qxh7 Ne5 29. Nf5 Rh8 30. Qe7 Ng4 31. Bxf6 Rd7 32. Bxh8 Nf2+ 33. Rxf2 Qxf2 1-0

[Event "LTU-ch"]
[Site "Vilnius"]
[Date "1995.??.??"]
[Round "4"]
[White "Grabliauskas, Virginijus"]
[Black "Zukauskas, Kestutis"]
[Result "1-0"]
[WhiteElo "2410"]
[BlackElo "2290"]
[PlyCount "69"]
[EventDate "1995.??.??"]
[EventType "swiss"]
[EventRounds "9"]
[EventCountry "LTU"]
[SourceTitle "CBM 049 Extra"]
[Source "ChessBase"]
[SourceDate "1996.01.01"]
[SourceVersion "1"]
[SourceVersionDate "1996.01.01"]
[SourceQuality "1"]

1. d4 Nf6 2. c4 g6 3. Nc3 Bg7 4. e4 d6 5. Nf3 0-0 6. Be2 e5 7. 0-0 Nc6 8. d5 Ne7 9. b4 Nh5 10. Nd2 Nf4 11. a4 f5 12. Bf3 g5 13. exf5 Nxf5 14. g3 Nh3+ 15. Kg2 Qd7 16. Be4 Nd4 17. f3 Rf6 18. Nb3 Rh6 19. Ra2 Nxb3 20. Qxb3 Qf7 21. c5 Rf6 22. Qc4 h5 23. a5 h4 24. g4 Nf4+ 25. Bxf4 exf4 26. Nb5 a6 27. Nd4 Bd7 28. Re1 h3+ 29. Kxh3 Rh6+ 30. Kg2 Re8 31. Rc2 Ba4 32. Rce2 Qf6 33. Rd2 Qf7 34. Ne6 Bf6 35. Bf5 1-0

[Event "Radviliskis op"]
[Site "Radviliskis"]
[Date "1995.??.??"]
[Round "9"]
[White "Labuckas, Aidas"]
[Black "Zukauskas, Kestutis"]
[Result "1-0"]
[WhiteElo "2320"]
[BlackElo "2290"]
[PlyCount "60"]
[EventDate "1995.??.??"]
[EventType "swiss"]
[EventRounds "9"]
[EventCountry "LTU"]
[SourceTitle "EXT 1997"]
[Source "ChessBase"]
[SourceDate "1996.11.15"]
[SourceVersion "1"]
[SourceVersionDate "1996.11.15"]
[SourceQuality "1"]

1. c4 Nf6 2. Nc3 g6 3. d4 Bg7 4. e4 d6 5. f3 0-0 6. Be3 Nc6 7. Qd2 a6 8. Nge2 Rb8 9. Nc1 e5 10. d5 Nd4 11. N1e2 Nxe2 12. Bxe2 Nh5 13. 0-0-0 f5 14. Bd3 Nf4 15. Bc2 b5 16. c5 b4 17. Na4 a5 18. h4 fxe4 19. Bxe4 Ba6 20. Kb1 Bb5 21. Bc2 Ne2 22. h5 e4 23. hxg6 hxg6 24. Bh6 Nc3+ 25. Nxc3 bxc3 26. Qe3 Bd3 27. Bxg7 Rxb2+ 28. Ka1 Kxg7 29. Qh6+ Kf7 30. fxe4 Bxe4 1-0

[Event "LTU-ch"]
[Site "Vilnius"]
[Date "1995.??.??"]
[Round "3"]
[White "Zukauskas, Kestutis"]
[Black "Butnorius, Algimantas"]
[Result "1/2-1/2"]
[WhiteElo "2290"]
[BlackElo "2440"]
[PlyCount "52"]
[EventDate "1995.??.??"]
[EventType "swiss"]
[EventRounds "9"]
[EventCountry "LTU"]
[SourceTitle "CBM 049 Extra"]
[Source "ChessBase"]
[SourceDate "1996.01.01"]
[SourceVersion "1"]
[SourceVersionDate "1996.01.01"]
[SourceQuality "1"]

1. d4 Nf6 2. c4 e6 3. Nf3 b6 4. a3 Bb7 5. Nc3 d5 6. Bg5 Be7 7. Qa4+ c6 8. Bxf6 Bxf6 9. cxd5 exd5 10. g3 0-0 11. Bg2 Nd7 12. 0-0 Re8 13. Rfd1 Be7 14. Rac1 Bd6 15. e3 Nf6 16. b4 Qe7 17. Qb3 Rad8 18. Na4 Ne4 19. Nd2 f5 20. Nb2 g5 21. Nd3 Kh8 22. Nf3 Rc8 23. Qb2 Ba6 24. Nfe5 Bxd3 25. Nxd3 Qg7 26. f4 gxf4 1/2-1/2

[Event "LTU-ch"]
[Site "Vilnius"]
[Date "1995.??.??"]
[Round "7"]
[White "Zukauskas, Kestutis"]
[Black "Linauskas, Dainius"]
[Result "1-0"]
[WhiteElo "2290"]
[BlackElo "2320"]
[PlyCount "63"]
[EventDate "1995.??.??"]
[EventType "swiss"]
[EventRounds "9"]
[EventCountry "LTU"]
[SourceTitle "CBM 049 Extra"]
[Source "ChessBase"]
[SourceDate "1996.01.01"]
[SourceVersion "1"]
[SourceVersionDate "1996.01.01"]
[SourceQuality "1"]

1. d4 Nf6 2. c4 e6 3. Nf3 Bb4+ 4. Nbd2 d5 5. a3 Be7 6. g3 0-0 7. Bg2 b6 8. 0-0 Bb7 9. Ne5 c5 10. cxd5 exd5 11. b3 Na6 12. Bb2 Rc8 13. e3 Nc7 14. Rc1 Nb5 15. a4 Nc7 16. dxc5 bxc5 17. Qc2 Ne6 18. Rfd1 Qb6 19. Qb1 Rfd8 20. h3 Ba6 21. Bc3 Rd6 22. e4 Qc7 23. Nxf7 Kxf7 24. e5 Rdd8 25. exf6 gxf6 26. Qxh7+ Ng7 27. Nf3 d4 28. Bxd4 Rd5 29. Ne5+ Rxe5 30. Bxe5 Qxe5 31. Bd5+ Ke8 32. Qxg7 1-0

[Event "Radviliskis op"]
[Site "Radviliskis"]
[Date "1995.??.??"]
[Round "2"]
[White "Zukauskas, Kestutis"]
[Black "Sarakauskiene, Zivile"]
[Result "1-0"]
[WhiteElo "2290"]
[BlackElo "2030"]
[PlyCount "133"]
[EventDate "1995.??.??"]
[EventType "swiss"]
[EventRounds "9"]
[EventCountry "LTU"]
[SourceTitle "EXT 1997"]
[Source "ChessBase"]
[SourceDate "1996.11.15"]
[SourceVersion "1"]
[SourceVersionDate "1996.11.15"]
[SourceQuality "1"]

1. e4 d5 2. exd5 Nf6 3. c4 c6 4. d4 cxd5 5. Nc3 e6 6. Nf3 Be7 7. Bd3 0-0 8. 0-0 Nc6 9. Re1 dxc4 10. Bxc4 b6 11. a3 Bb7 12. Ba2 Na5 13. Ne5 Nd5 14. Bd2 Rc8 15. Rc1 Nc6 16. Nxd5 exd5 17. Nxc6 Bxc6 18. Rxe7 Qxe7 19. Bb4 Qf6 20. Bxf8 Rxf8 21. Qf3 Qh6 22. Qe3 Qf6 23. Qe5 Qh6 24. Qe3 Qf6 25. Qc3 Re8 26. f3 Bb7 27. Qd2 h6 28. Rc7 Bc6 29. Qc3 Ba8 30. Rc8 Qe7 31. Rxe8+ Qxe8 32. Kf2 Bc6 33. g3 g6 34. Qe3 Qd7 35. Qe5 Qe6 36. Qxe6 fxe6 37. h4 Kg7 38. Ke3 Kf6 39. Kf4 g5+ 40. hxg5+ hxg5+ 41. Ke3 Bb5 42. f4 g4 43. Bb1 Bc4 44. Bc2 Bb5 45. Kd2 Be8 46. Kc3 Bb5 47. Kd2 Bc4 48. Ba4 Kf5 49. Ke3 Kf6 50. Bd1 Kf5 51. Bc2+ Kf6 52. f5 e5 53. Ba4 a6 54. Bd7 Bb3 55. dxe5+ Kxe5 56. f6 Bc4 57. Bxg4 d4+ 58. Kd2 Kxf6 59. Be2 b5 60. a4 Ke5 61. Bd3 Kf6 62. a5 Kg5 63. Be2 Kf5 64. Bf3 Kg5 65. b4 Kf5 66. Bb7 Kg4 67. Bxa6 1-0